000 00335nam a2200157Ia 4500
003 Ost
005 20260225132546.0
008 260225s9999||||xx |||||||||||||| ||und||
040 _cfsic
041 _afre
082 _a440
100 _aAlbert Camus
_eAuteur
245 0 _aL'étranger /
245 0 _cAlbert Camus
942 _cكتاب
999 _c33870
_d33870